00504nam a2200193 a 4500001001300000003000900013005001700022008004100039020001000080082001500090100002100105245004400126260003600170300000900206500003500215505001000250650002900260700002100289nice12345678IN_TiNIC20260116013342.0050524s1998 dela grp 000 0 eng  ac49500a232.1bGRO aGrogan, Geoffrey aChrist of the Bible and Church`s Faith. aDelhibAastana Book Depotc1998 a295p aincludes index and biblioraphy2 aIndex aJesus Christ-Messiahship1 aGrogan, Geoffrey